|
|
|
|
| LEADER |
01338nam a2200301 a 4500 |
| 001 |
38181 |
| 003 |
BD-DhAAL |
| 005 |
20230525141804.0 |
| 008 |
220320t2002 nyu b 001 0 eng |
| 010 |
|
|
|a 2002004405
|
| 020 |
|
|
|a 0465004075
|
| 040 |
|
|
|a DLC
|c DLC
|d DLC
|d BD-DhAAL
|
| 041 |
1 |
|
|a eng
|
| 050 |
0 |
0 |
|a D20
|b .A6713 2002
|
| 082 |
0 |
0 |
|a 909.82
|2 21
|
| 100 |
1 |
|
|a Aron, Raymond,
|d 1905-1983.
|9 47204
|
| 240 |
1 |
0 |
|a Histoire du vingtième siècle.
|k Selections.
|l English
|
| 245 |
1 |
4 |
|a The dawn of universal history :
|b selected essays from a witness of the twentieth century /
|c Raymond Aron ; translated by Barbara Bray ; edited by Yair Reiner ; with an introduction by Tony Judt.
|
| 260 |
|
|
|a New York :
|b Basic Books,
|c c2002.
|
| 300 |
|
|
|a xxvi, 518 pages ;
|c 24 cm.
|
| 500 |
|
|
|a "The essays in this book were originally published in 1996 in France as part of Une histoire du XXe siècle ..."--T.p. verso.
|
| 504 |
|
|
|a Includes bibliographical references (p. 487-501) and index.
|
| 541 |
|
|
|a Donated by Akbar Ali Khan
|e 38181
|
| 650 |
|
0 |
|a History, Modern
|y 20th century.
|9 47205
|
| 700 |
1 |
|
|a Reiner, Yair.
|9 47206
|
| 942 |
|
|
|2 ddc
|c BK
|
| 999 |
|
|
|c 43825
|d 43825
|
| 952 |
|
|
|0 0
|1 0
|2 ddc
|4 0
|6 909_820000000000000_ARO
|7 1
|9 70197
|a BRACUL
|b BRACUL
|c CS1
|d 2022-03-20
|e Donated by Akbar Ali Khan
|l 0
|o 909.82 ARO
|p 3010038181
|r 2022-03-20
|t 1
|w 2022-03-20
|y BK
|